000 00406nam a2200157Ia 4500
003 Ost
005 20260225132538.0
008 260225s9999||||xx |||||||||||||| ||und||
040 _cfsic
041 _afre
082 _a791.43
100 _aSous-dir Julie boivin luc laflamme
_eAuteur
245 0 _aMéthodologie des sciences humaines /
245 0 _cSous-dir Julie boivin luc laflamme
942 _cكتاب
999 _c33359
_d33359